सपने कहाँ गए / (Record no. 61888)

MARC details
000 -LEADER
fixed length control field 01215nam a22002417a 4500
005 - DATE AND TIME OF LATEST TRANSACTION
control field 20120203121628.0
010 ## - LCCN (DPL NO)
LC control number
020 ## - INTERNATIONAL STANDARD BOOK NUMBER
Terms of availability 125.00
International Standard Book Number 8173152292
035 ## - SYSTEM CONTROL NUMBER
System control number A-927995
037 ## - SOURCE OF ACQUISITION
Source of stock number/acquisition DBAD / PUB
037 ## - SOURCE OF ACQUISITION
Source of stock number/acquisition प्रभात प्रकाशन/ PUB
082 ## - DEWEY DECIMAL CLASSIFICATION NUMBER
Classification number 808.88
100 ## - MAIN ENTRY--PERSONAL NAME
Personal name मिश्र, विद्यानिवास
245 ## - TITLE STATEMENT
Title सपने कहाँ गए /
Statement of responsibility, etc विद्यानिवास मिश्र
246 ## - VARYING FORM OF TITLE
Title proper/short title Sapne Kahan Gaye?/
Remainder of title by Vidya Niwas Mishra
260 ## - PUBLICATION, DISTRIBUTION, ETC. (IMPRINT)
Place of publication, distribution, etc नई दिल्ली
Name of publisher, distributor, etc प्रभात प्रकाशन
Date of publication, distribution, etc 1998
270 ## - ADDRESS
Address 4/19 आसफ अली रोड
City नई दिल्ली
Postal code 110002
300 ## - PHYSICAL DESCRIPTION
Extent 128पृ
Dimensions 22सेमी (सजिल्द)
650 ## - SUBJECT ADDED ENTRY--TOPICAL TERM
Topical term or geographic name as entry element लेख
General subdivision संग्रह
942 ## - ADDED ENTRY ELEMENTS (KOHA)
Source of classification or shelving scheme Dewey Decimal Classification
Item type Hindi Books
Call number suffix मिश्रवि
Classification part 808.88
Holdings
Withdrawn status Lost status Not for loan Collection code Home library Current library Date acquired Cost, normal purchase price Full call number Barcode Cost, replacement price Koha item type
      Non-fiction Sarojini Nagar Sarojini Nagar 03/02/2012 125.00 808.88 मिश्रवि A-927995 125.00 Hindi Books

© Delhi Public Library
Hit Counter
free hit counter